LEADER 00998nam1 2200361 450 001 990002792140203316 005 20060726144434.0 035 $a000279214 035 $aUSA01000279214 035 $a(ALEPH)000279214USA01 035 $a000279214 100 $a20060726d1985----km-y0itay0103----ba 101 $aita 102 $aIT 105 $a||||||||001yy 200 1 $aManuale dell'industria alberghiera 210 $aMilano$cTouring club italiano$dc1985- 215 $av.$d24 cm 410 0$12001 454 1$12001 461 1$1001-------$12001 463 \1$1001990002792150203316$12001 $a<> : <> gestione dell'albergo 606 0 $aAlberghi$xgestione 676 $a647.94068 801 0$aIT$bsalbc$gISBD 912 $a990002792140203316 951 $bDISTRA 959 $aBK 969 $aDISTRA 979 $aDISTRA1$b90$c20060726$lUSA01$h1444 979 $aDISTRA1$b90$c20060726$lUSA01$h1444 996 $aManuale dell'industria alberghiera$9996075 997 $aUNISA LEADER 00967cam0-22002891i-450- 001 990007888340403321 005 20040601093029.0 035 $a000788834 035 $aFED01000788834 035 $a(Aleph)000788834FED01 035 $a000788834 100 $a20040524d1852----km-y0itay50------ba 101 0 $aita 102 $aIT 200 1 $aRisposta di Vincenzo Gioberti a Urbano Rattazzi sopra alcune avvertenze di Filippo Gualterio al generale Dabormida 210 $aTorino$cBocca$d1852 215 $a157 p.$d24 cm 610 0 $aGioberti, Vincenzo$aPolemica con Urbano Rattazzi 676 $a945.08$v19 700 1$aGioberti,$bVincenzo$f<1801-1852>$068480 801 0$aIT$bUNINA$gRICA$2UNIMARC 901 $aBK 912 $a990007888340403321 952 $aXXXII ANT. 204$b36335$fFSPBC 959 $aFSPBC 996 $aRisposta di Vincenzo Gioberti a Urbano Rattazzi sopra alcune avvertenze di Filippo Gualterio al generale Dabormida$9668788 997 $aUNINA